Odpowiedz zaczyna się na ''B'' - Statystyki

Ogólne statystyki
  • Ten quiz został rozwiązany 28 razy
  • Średni wynik to 8 z 10
Statystyki odpowiedzi
Podpowiedz Odpowiedz % Poprawnych
Stolica sąsiada Polski Berlin Bratysława
100%
Stolica województwa w Polsce Białystok Bydgoszcz
93%
Afrykański kraj Benin Botswana Burkina Faso Burundi
89%
Największy kraj na literę B Brazylia
89%
Stolica Serbii Belgrad
81%
Stolica Węgier Budapeszt
81%
Kraj z dostępem do morza Czarnego Bułgaria
78%
Dzielnica Warszawy Bemowo Białołęka Bielany
70%
Stacja metra w Warszawie Bemowo Bródno
52%
Dzielnica Łodzi Bałuty
44%
Nie znaleziono quizów pasujących do podanych kryteriów
Rozkład punktacji
Procent ludzi z każdym wynikiem
Percentyl według liczby udzielonych odpowiedzi
Twoja historia wyników
Nie rozwiązałeś tego quizu